含虎的常见四字成语 Common 4-character idioms with “Tiger” - Statistics

General Stats
  • This quiz has been taken 10 times
  • The average score is 11 of 170
Answer Stats
成语 % Correct
hj 狐假虎威
90%
wh 为虎作伥
60%
eh 饿虎扑食
50%
lt 龙腾虎跃
50%
bh 暴虎冯河
40%
hk 虎口拔牙
40%
hl 虎落平阳
40%
ht 虎头蛇尾
40%
sr 三人成虎
40%
yh 与虎谋皮
40%
hb 虎背熊腰
30%
hk 虎口余生
30%
hs 虎视眈眈
30%
lt 狼吞虎咽
30%
ly 龙吟虎啸
30%
lz 龙争虎斗
30%
mm 马马虎虎
30%
rh 如虎添翼
30%
rl 如狼似虎
30%
cl 藏龙卧虎
20%
cl 豺狼虎豹
20%
dh 调虎离山
20%
fh 放虎归山
20%
hj 虎踞龙盘
20%
lj 龙精虎猛
20%
qh 骑虎难下
20%
th 谈虎色变
20%
wh 卧虎藏龙
20%
xl 降龙伏虎
20%
bh 帮虎吃食
10%
dm 打马虎眼
10%
hh 画虎不成
10%
hh 画虎类犬
10%
hk 虎口逃生
10%
hw 虎尾春冰
10%
hx 虎啸风生
10%
hx 虎穴龙潭
10%
lh 龙虎风云
10%
lp 龙盘虎踞
10%
lt 龙潭虎穴
10%
lx 龙行虎步
10%
sc 势成骑虎
10%
sl 生龙活虎
10%
tb 投畀豺虎
10%
wh 为虎添翼
10%
yh 养虎遗患
10%
zm 照猫画虎
10%
bg 杯弓市虎
0%
cb 春冰虎尾
0%
ce 垂饵虎口
0%
ch 豺虎肆虐
0%
ch 刺虎持鹬
0%
cl 除狼得虎
0%
cm 鸱目虎吻
0%
cs 鸱视虎顾
0%
dh 雕虎焦原
0%
dj 断蛟刺虎
0%
dr 大人虎变
0%
ds 打死老虎
0%
dx 大贤虎变
0%
eh 饿虎饥鹰
0%
eh 饿虎扑羊
0%
eh 饿虎擒羊
0%
eh 饿虎吞羊
0%
eh 饿虎之蹊
0%
fh 放虎遗患
0%
fh 放虎自卫
0%
fh 风虎云龙
0%
fh 伏虎降龙
0%
ft 凤叹虎视
0%
gh 官虎吏狼
0%
gl 宫邻金虎
0%
gm 甘冒虎口
0%
hb 虎变龙蒸
0%
hb 虎不食儿
0%
hb 虎步龙行
0%
hc 虎超龙骧
0%
hd 虎党狐侪
0%
hd 虎荡羊群
0%
hd 虎斗龙争
0%
hh 狐虎之威
0%
hh 画虎成狗
0%
hh 画虎刻鹄
0%
hh 画虎类狗
0%
hj 狐藉虎威
0%
hj 虎据龙蟠
0%
hj 虎踞鲸吞
0%
hj 虎踞龙蟠
0%
hk 虎窟龙潭
0%
hl 虎狼之势
0%
hl 虎略龙韬
0%
hp 虎珀拾芥
0%
hr 虎入羊群
0%
hs 虎视耽耽
0%
ht 虎体熊腰
0%
ht 虎头燕颔
0%
hw 虎卧龙跳
0%
hz 虎掷龙拿
0%
jg 九关虎豹
0%
jh 酒虎诗龙
0%
jh 拒虎进狼
0%
jh 踞虎盘龙
0%
jl 酒龙诗虎
0%
jt 鲸吞虎噬
0%
jy 饥鹰饿虎
0%
kx 开柙出虎
0%
lc 狼餐虎咽
0%
lc 狼虫虎豹
0%
ld 龙蹲虎踞
0%
lg 狼顾虎视
0%
lh 两虎相斗
0%
lh 两虎相争
0%
lh 龙化虎变
0%
ln 龙拏虎攫
0%
ln 龙拏虎跳
0%
ln 龙拏虎掷
0%
lp 龙盘虎拏
0%
lp 龙蟠虎踞
0%
lp 龙蟠虎绕
0%
ls 狼飧虎咽
0%
ls 离山调虎
0%
lt 狼吞虎噬
0%
lt 龙潭虎窟
0%
lt 龙腾虎踞
0%
lt 龙跳虎卧
0%
lx 龙骧虎步
0%
lx 龙骧虎视
0%
lx 龙翔虎跃
0%
lx 龙行虎变
0%
ly 鲁鱼帝虎
0%
mh 猛虎插翅
0%
mh 猛虎深山
0%
mh 猛虎添翼
0%
qy 驱羊攻虎
0%
rl 如狼如虎
0%
rl 如龙似虎
0%
rz 人中龙虎
0%
sy 三言讹虎
0%
wd 畏敌如虎
0%
wh 为虎傅翼
0%
wr 委肉虎蹊
0%
ws 握蛇骑虎
0%
xw 舄乌虎帝
0%
xy 熊腰虎背
0%
yh 燕颔虎颈
0%
yh 燕颔虎头
0%
yh 燕颔虎须
0%
yh 杨虎围匡
0%
yh 养虎留患
0%
yh 养虎伤身
0%
yh 养虎贻患
0%
yh 养虎自啮
0%
yh 一虎不河
0%
yh 引虎自卫
0%
yh 与虎添翼
0%
yl 羊落虎口
0%
yl 鹰瞵虎视
0%
yl 鱼鲁帝虎
0%
yl 云龙风虎
0%
yr 羊入虎群
0%
yr 以肉啖虎
0%
yr 以肉喂虎
0%
ys 鹰视虎步
0%
yy 鹰扬虎视
0%
yz 羊质虎皮
0%
zh 众虎同心
0%
zh 捉虎擒蛟
0%
zh 纵虎出匣
0%
zh 纵虎出柙
0%
zh 纵虎归山
0%
No matching quizzes found
Score Distribution
Percent of People with Each Score
Percentile by Number Answered
Your Score History
You have not taken this quiz